| 000 | 00506cam a2200205ua 4500 | ||
|---|---|---|---|
| 001 | 10617 | ||
| 005 | 20260515114637.0 | ||
| 008 | 190322n ii |||gr||||Z||||||eng | ||
| 020 | _a9789381850886 | ||
| 040 | _cMAIN | ||
| 082 | _a658.3 | ||
| 100 |
_aR K Pathak, _eAuthor. |
||
| 245 | _aHuman resource planning and development | ||
| 250 | _a2nd ed. | ||
| 260 |
_aGuwahati: _bAshok book stall, _c2015. |
||
| 300 | _a167p. | ||
| 653 | _aGeneral management | ||
| 700 |
_aM C Kalwar, _eAuthor. |
||
| 942 | _cBK | ||
| 999 |
_c9579 _d9579 |
||